[Event "II Torneio Aberto Internacional de Xadrez de Ferreira do Alentejo"]
[Site "Ferreira do Alentejo - Portugal"]
[Date "2019.12.18"]
[Round "2.1"]
[White "Liu, Zhaoqi"]
[Black "Alekseev, Evgeny"]
[Result "1/2-1/2"]
[BlackElo "2620"]
[WhiteElo "2380"]
[LiveChessVersion "1.4.8"]

1. c4 {[%clk 1:30:57]} e6 {[%clk 1:23:11]} 2. Nc3 {[%clk 1:31:09]} d5
{[%clk 1:23:22]} 3. cxd5 {[%clk 1:31:34]} exd5 {[%clk 1:23:47]} 4. d4
{[%clk 1:32:01]} c6 {[%clk 1:20:48]} 5. Bf4 {[%clk 1:28:12]} Nf6 {[%clk 1:14:35]}
6. e3 {[%clk 1:28:26]} Bf5 {[%clk 1:13:39]} 7. Nge2 {[%clk 1:21:56]} Bd6
{[%clk 0:58:37]} 8. Qb3 {[%clk 1:00:10]} Bc8 {[%clk 0:54:10]} 9. Bxd6
{[%clk 0:44:57]} Qxd6 {[%clk 0:54:27]} 10. Ng3 {[%clk 0:45:23]} h5
{[%clk 0:40:44]} 11. Bd3 {[%clk 0:39:29]} h4 {[%clk 0:36:19]} 12. Nf5
{[%clk 0:39:08]} Qf8 {[%clk 0:34:15]} 13. Rc1 {[%clk 0:29:46]} Kd8
{[%clk 0:27:10]} 14. e4 {[%clk 0:18:15]} dxe4 {[%clk 0:21:19]} 15. Be2
{[%clk 0:18:13]} Nbd7 {[%clk 0:06:17]} 1/2-1/2

[Event "II Torneio Aberto Internacional de Xadrez de Ferreira do Alentejo"]
[Site "Ferreira do Alentejo - Portugal"]
[Date "2019.12.18"]
[Round "2.2"]
[White "Chatalbashev, Boris"]
[Black "Fernandes, Antonio"]
[Result "1-0"]
[BlackElo "2361"]
[WhiteElo "2542"]
[BlackTeam "Ax Portugal / Atlantidiag"]
[LiveChessVersion "1.4.8"]

1. d4 {[%clk 1:30:57]} Nf6 {[%clk 1:29:16]} 2. c4 {[%clk 1:31:19]} e6
{[%clk 1:28:37]} 3. Nc3 {[%clk 1:31:39]} d5 {[%clk 1:28:02]} 4. cxd5
{[%clk 1:31:55]} exd5 {[%clk 1:28:23]} 5. Bg5 {[%clk 1:32:20]} c6
{[%clk 1:19:33]} 6. e3 {[%clk 1:32:42]} Be7 {[%clk 1:16:33]} 7. Qc2
{[%clk 1:32:52]} Nbd7 {[%clk 1:16:17]} 8. Bd3 {[%clk 1:33:13]} Nf8
{[%clk 1:16:20]} 9. O-O-O {[%clk 1:27:00]} Ne6 {[%clk 1:10:32]} 10. Bxf6
{[%clk 1:25:56]} Bxf6 {[%clk 1:10:55]} 11. f4 {[%clk 1:26:11]} Nc7
{[%clk 0:19:44]} 12. Nf3 {[%clk 1:13:52]} Bg4 {[%clk 0:18:59]} 13. Rde1
{[%clk 1:11:57]} Bxf3 {[%clk 0:19:04]} 14. gxf3 {[%clk 1:12:21]} Qd6
{[%clk 0:17:36]} 15. h4 {[%clk 1:08:46]} O-O-O {[%clk 0:14:55]} 16. h5
{[%clk 1:09:05]} Kb8 {[%clk 0:12:44]} 17. Na4 {[%clk 0:45:10]} h6
{[%clk 0:13:04]} 18. Kb1 {[%clk 0:40:20]} Rhe8 {[%clk 0:13:04]} 19. Re2
{[%clk 0:38:40]} Re7 {[%clk 0:13:18]} 20. Rc1 {[%clk 0:35:02]} Ne6
{[%clk 0:05:53]} 21. Qd2 {[%clk 0:30:38]} Rde8 {[%clk 0:06:00]} 22. Nc3
{[%clk 0:28:59]} Nc7 {[%clk 0:03:34]} 23. Nd1 {[%clk 0:28:10]} Bh4
{[%clk 0:01:52]} 24. Rg2 {[%clk 0:26:21]} Bf6 {[%clk 0:02:17]} 25. a3
{[%clk 0:24:09]} Qd7 {[%clk 0:01:18]} 26. Rg4 {[%clk 0:22:47]} Qd6
{[%clk 0:01:04]} 27. Bf5 {[%clk 0:19:28]} Nb5 {[%clk 0:01:11]} 28. Bd3
{[%clk 0:19:28]} Nc7 {[%clk 0:00:36]} 29. Rg3 {[%clk 0:18:28]} Qd7
{[%clk 0:00:49]} 30. Qb4 {[%clk 0:14:10]} Rd8 {[%clk 0:00:53]} 31. Rg2
{[%clk 0:13:25]} Ne8 {[%clk 0:01:08]} 32. Re2 {[%clk 0:11:51]} Qd6
{[%clk 0:00:56]} 33. Qd2 {[%clk 0:08:41]} Rc7 {[%clk 0:00:34]} 34. Nf2
{[%clk 0:08:10]} c5 {[%clk 0:00:45]} 35. dxc5 {[%clk 0:08:25]} Rxc5
{[%clk 0:01:12]} 36. Rxc5 {[%clk 0:08:24]} Qxc5 {[%clk 0:01:41]} 37. Ng4
{[%clk 0:08:45]} d4 {[%clk 0:01:39]} 38. e4 {[%clk 0:08:52]} Qxh5
{[%clk 0:00:38]} 39. e5 {[%clk 0:09:01]} Qh1+ {[%clk 0:00:47]} 40. Re1
{[%clk 0:09:01]} Qxf3 {[%clk 0:01:01]} 41. Nh2 {[%clk 0:06:37]} Qc6
{[%clk 0:01:27]} 42. Rc1 {[%clk 0:04:54]} Qb6 {[%clk 0:01:42]} 43. exf6
{[%clk 0:05:08]} Nxf6 {[%clk 0:02:11]} 44. Nf3 {[%clk 0:05:20]} Nd5
{[%clk 0:01:39]} 45. Bc4 {[%clk 0:04:58]} Ne3 {[%clk 0:00:35]} 46. Bxf7
{[%clk 0:04:39]} a6 47. Ne5 {[%clk 0:04:37]} Ka7 {[%clk 0:00:32]} 48. Bg6
{[%clk 0:04:11]} Nd5 {[%clk 0:00:35]} 49. Ka1 {[%clk 0:03:00]} Ne3
{[%clk 0:00:31]} 50. Qd3 {[%clk 0:02:45]} Rd5 {[%clk 0:00:42]} 51. Be4
{[%clk 0:02:41]} Rb5 {[%clk 0:01:02]} 52. b4 {[%clk 0:01:42]} g5 {[%clk 0:01:29]}
53. Nd7 {[%clk 0:01:36]} Qd6 {[%clk 0:01:44]} 54. Nc5 {[%clk 0:01:56]} gxf4
{[%clk 0:01:58]} 55. Rg1 {[%clk 0:02:09]} Qe5 {[%clk 0:00:52]} 56. Rg6
{[%clk 0:01:33]} f3 {[%clk 0:00:39]} 57. Bxf3 {[%clk 0:01:32]} Nc2+
{[%clk 0:00:31]} 58. Qxc2 {[%clk 0:01:21]} d3+ {[%clk 0:00:40]} 59. Qb2
{[%clk 0:01:49]} Qf5 {[%clk 0:00:44]} 60. Rxa6+ {[%clk 0:01:30]} bxa6
{[%clk 0:00:32]} 61. Qg7+ {[%clk 0:01:53]} 1-0

[Event "II Torneio Aberto Internacional de Xadrez de Ferreira do Alentejo"]
[Site "Ferreira do Alentejo - Portugal"]
[Date "2019.12.18"]
[Round "2.3"]
[White "Figuero Toro, Julian Francisco"]
[Black "Malakhatko, Vadim"]
[Result "0-1"]
[BlackElo "2470"]
[WhiteElo "2240"]
[WhiteTeam "Cx Montemor-O-Velho/Ctga"]
[LiveChessVersion "1.4.8"]

1. e4 {[%clk 1:30:40]} e6 {[%clk 1:29:41]} 2. d4 {[%clk 1:31:04]} d5
{[%clk 1:30:05]} 3. Nc3 {[%clk 1:31:27]} Bb4 {[%clk 1:30:26]} 4. e5
{[%clk 1:31:37]} Qd7 {[%clk 1:30:39]} 5. Qg4 {[%clk 1:30:08]} f5 {[%clk 1:31:01]}
6. Qh5+ {[%clk 1:30:14]} Qf7 {[%clk 1:30:42]} 7. Qf3 {[%clk 1:29:23]} Nc6
{[%clk 1:26:15]} 8. Nge2 {[%clk 1:21:13]} b6 {[%clk 1:13:02]} 9. a3
{[%clk 1:18:02]} Bf8 {[%clk 1:13:27]} 10. h4 {[%clk 1:06:37]} Bb7
{[%clk 1:13:40]} 11. h5 {[%clk 1:00:48]} Be7 {[%clk 1:05:56]} 12. g4
{[%clk 0:45:05]} fxg4 {[%clk 1:02:24]} 13. Qxg4 {[%clk 0:44:30]} Nh6
{[%clk 1:01:43]} 14. Bxh6 {[%clk 0:44:12]} gxh6 {[%clk 1:02:08]} 15. Bh3
{[%clk 0:44:00]} Nd8 {[%clk 1:02:19]} 16. Rg1 {[%clk 0:39:57]} Rf8
{[%clk 1:02:12]} 17. f4 {[%clk 0:37:32]} c6 {[%clk 1:01:19]} 18. O-O-O
{[%clk 0:33:43]} Ba6 {[%clk 1:01:35]} 19. Kb1 {[%clk 0:33:24]} Rc8
{[%clk 1:01:20]} 20. Rdf1 {[%clk 0:32:16]} Rc7 {[%clk 1:01:28]} 21. Rf3
{[%clk 0:20:41]} Bc8 {[%clk 0:59:53]} 22. Rfg3 {[%clk 0:19:22]} Nb7
{[%clk 0:58:58]} 23. Qf3 {[%clk 0:07:59]} Bh4 {[%clk 0:58:55]} 24. R3g2
{[%clk 0:08:10]} Na5 {[%clk 0:55:13]} 25. b3 {[%clk 0:07:15]} Bd8
{[%clk 0:54:50]} 26. Bg4 {[%clk 0:07:14]} Qe7 {[%clk 0:40:07]} 27. Kb2
{[%clk 0:07:35]} b5 {[%clk 0:40:26]} 28. Na2 {[%clk 0:06:41]} c5 {[%clk 0:37:29]}
29. dxc5 {[%clk 0:06:30]} Qxc5 {[%clk 0:37:41]} 30. Nb4 {[%clk 0:06:41]} Nc6
{[%clk 0:37:23]} 31. Nd3 {[%clk 0:05:11]} Qb6 {[%clk 0:37:39]} 32. Qf2
{[%clk 0:04:15]} Qxf2 {[%clk 0:34:16]} 33. Rxf2 {[%clk 0:04:38]} Rcf7
{[%clk 0:34:32]} 34. Rgf1 {[%clk 0:03:56]} Bb6 {[%clk 0:34:47]} 35. Rf3
{[%clk 0:04:11]} Ne7 {[%clk 0:33:43]} 36. c3 {[%clk 0:04:20]} Nf5
{[%clk 0:33:43]} 37. Bxf5 {[%clk 0:04:28]} Rxf5 {[%clk 0:34:07]} 38. Ng3
{[%clk 0:04:42]} R5f7 {[%clk 0:34:30]} 39. f5 {[%clk 0:02:06]} exf5
{[%clk 0:33:57]} 40. Ne2 {[%clk 0:02:24]} Rg8 {[%clk 0:33:13]} 41. Nd4
{[%clk 0:02:21]} Re7 {[%clk 0:23:56]} 42. Nxb5 {[%clk 0:01:54]} Rg2+
{[%clk 0:23:51]} 43. Kb1 {[%clk 0:02:12]} Ba6 {[%clk 0:24:04]} 44. a4
{[%clk 0:02:18]} Kd7 {[%clk 0:20:49]} 45. Rxf5 {[%clk 0:01:37]} Rd2
{[%clk 0:21:01]} 46. R5f3 {[%clk 0:01:43]} d4 {[%clk 0:20:55]} 47. Nb4
{[%clk 0:00:42]} Bb7 {[%clk 0:20:41]} 48. Kc1 {[%clk 0:00:45]} Bxf3
{[%clk 0:16:07]} 49. Kxd2 {[%clk 0:01:14]} dxc3+ {[%clk 0:16:28]} 50. Nxc3
{[%clk 0:01:15]} Bxh5 {[%clk 0:16:31]} 51. Nbd5 {[%clk 0:00:46]} Rxe5
{[%clk 0:16:49]} 52. Nf6+ {[%clk 0:00:34]} Ke6 {[%clk 0:15:38]} 53. Nxh7
{[%clk 0:00:41]} Be3+ {[%clk 0:14:42]} 54. Ke1 {[%clk 0:00:40]} Bc1+
{[%clk 0:05:39]} 55. Kf2 {[%clk 0:01:05]} Rf5+ {[%clk 0:06:04]} 56. Kg2
{[%clk 0:01:27]} Rxf1 {[%clk 0:06:28]} 57. Kxf1 {[%clk 0:01:52]} a5
{[%clk 0:03:22]} 58. Nf8+ {[%clk 0:01:01]} Ke7 {[%clk 0:03:37]} 59. Nh7
{[%clk 0:01:29]} Bf3 {[%clk 0:03:17]} 60. Kf2 {[%clk 0:01:43]} Bc6
{[%clk 0:03:31]} 61. Ne2 {[%clk 0:01:31]} Bb2 {[%clk 0:02:32]} 62. Ng3
{[%clk 0:01:24]} Bd7 {[%clk 0:02:33]} 63. Kf3 {[%clk 0:00:35]} Kf7
{[%clk 0:02:52]} 64. Ne4 {[%clk 0:00:43]} Bc6 {[%clk 0:01:56]} 65. Kf4
{[%clk 0:00:54]} Bc1+ {[%clk 0:02:11]} 66. Kf5 {[%clk 0:01:08]} Bxe4+
{[%clk 0:02:35]} 67. Kxe4 {[%clk 0:01:26]} Kg7 {[%clk 0:02:59]} 68. b4
{[%clk 0:01:36]} axb4 {[%clk 0:03:24]} 69. a5 {[%clk 0:01:59]} b3
{[%clk 0:03:08]} 70. Kd3 {[%clk 0:02:25]} Kxh7 {[%clk 0:02:40]} 71. a6
{[%clk 0:02:33]} b2 {[%clk 0:03:03]} 72. Kc2 {[%clk 0:02:57]} Be3
{[%clk 0:03:28]} 73. Kxb2 {[%clk 0:03:22]} Kg6 {[%clk 0:01:31]} 74. Kc3
{[%clk 0:03:48]} Kf5 {[%clk 0:01:55]} 75. Kd3 {[%clk 0:03:57]} Kf4
{[%clk 0:02:17]} 0-1

[Event "II Torneio Aberto Internacional de Xadrez de Ferreira do Alentejo"]
[Site "Ferreira do Alentejo - Portugal"]
[Date "2019.12.18"]
[Round "2.4"]
[White "Maksimenko, Andrei"]
[Black "Huhndorf, Arnold"]
[Result "1-0"]
[BlackElo "2220"]
[WhiteElo "2463"]
[LiveChessVersion "1.4.8"]

1. d4 {[%clk 1:30:58]} Nf6 {[%clk 1:30:14]} 2. Nf3 {[%clk 1:30:33]} g6
{[%clk 1:30:19]} 3. Nbd2 {[%clk 1:29:37]} d5 {[%clk 1:28:05]} 4. g3
{[%clk 1:26:05]} Bg7 {[%clk 1:28:13]} 5. Bg2 {[%clk 1:26:31]} O-O
{[%clk 1:28:35]} 6. O-O {[%clk 1:26:15]} c6 {[%clk 1:20:41]} 7. Re1
{[%clk 1:23:22]} Bf5 {[%clk 1:16:34]} 8. Nh4 {[%clk 1:23:17]} Bg4
{[%clk 1:14:21]} 9. c3 {[%clk 1:11:53]} Qc8 {[%clk 0:58:38]} 10. Qc2
{[%clk 1:01:14]} Bh3 {[%clk 0:52:07]} 11. e4 {[%clk 0:43:13]} Bxg2
{[%clk 0:52:05]} 12. Kxg2 {[%clk 0:43:31]} Nxe4 {[%clk 0:52:04]} 13. Nxe4
{[%clk 0:43:53]} dxe4 {[%clk 0:52:27]} 14. Qxe4 {[%clk 0:42:14]} e6
{[%clk 0:52:13]} 15. Nf3 {[%clk 0:40:57]} Nd7 {[%clk 0:51:02]} 16. Qh4
{[%clk 0:40:40]} c5 {[%clk 0:38:12]} 17. Bh6 {[%clk 0:38:04]} Qc6
{[%clk 0:37:52]} 18. Bxg7 {[%clk 0:27:18]} Kxg7 {[%clk 0:38:13]} 19. Rad1
{[%clk 0:27:30]} Nf6 {[%clk 0:31:33]} 20. dxc5 {[%clk 0:26:06]} Qxc5
{[%clk 0:31:32]} 21. Rd4 {[%clk 0:17:36]} Rad8 {[%clk 0:29:21]} 22. Red1
{[%clk 0:13:32]} Rd5 {[%clk 0:25:00]} 23. Rxd5 {[%clk 0:10:43]} Nxd5
{[%clk 0:24:34]} 24. c4 {[%clk 0:10:00]} Nf6 {[%clk 0:23:57]} 25. Qf4
{[%clk 0:07:35]} Rc8 {[%clk 0:12:10]} 26. Ne5 {[%clk 0:06:42]} Qe7
{[%clk 0:08:48]} 27. Qd4 {[%clk 0:04:31]} Qc5 {[%clk 0:08:46]} 28. Qf4
{[%clk 0:04:57]} Qe7 {[%clk 0:09:12]} 29. Rd3 {[%clk 0:04:20]} Nh5
{[%clk 0:06:40]} 30. Qd4 {[%clk 0:04:22]} Qc5 {[%clk 0:07:01]} 31. Qc3
{[%clk 0:04:14]} f6 {[%clk 0:05:59]} 32. Nf3 {[%clk 0:03:23]} Rc7
{[%clk 0:05:34]} 33. Qd2 {[%clk 0:02:35]} e5 {[%clk 0:03:58]} 34. Rd7+
{[%clk 0:02:46]} Kg8 {[%clk 0:02:48]} 35. Rd8+ {[%clk 0:02:38]} Kg7
{[%clk 0:03:13]} 36. Rd7+ {[%clk 0:02:31]} Kg8 {[%clk 0:03:40]} 37. Rd8+
{[%clk 0:02:59]} Kg7 {[%clk 0:03:58]} 38. b3 {[%clk 0:03:25]} Qc6
{[%clk 0:03:20]} 39. Rd6 {[%clk 0:03:37]} Qe4 {[%clk 0:03:11]} 40. h3
{[%clk 0:03:32]} g5 {[%clk 0:01:53]} 41. Qd1 {[%clk 0:02:40]} h6 {[%clk 0:01:31]}
42. Kg1 {[%clk 0:02:10]} Kg6 {[%clk 0:01:38]} 43. Qd3 {[%clk 0:02:32]} Qxd3
{[%clk 0:00:54]} 44. Nxe5+ {[%clk 0:03:00]} Kg7 {[%clk 0:00:35]} 45. Nxd3
{[%clk 0:03:28]} f5 {[%clk 0:00:41]} 46. Nb4 {[%clk 0:03:17]} Nf6
{[%clk 0:00:57]} 47. Rxf6 1-0

[Event "II Torneio Aberto Internacional de Xadrez de Ferreira do Alentejo"]
[Site "Ferreira do Alentejo - Portugal"]
[Date "2019.12.18"]
[Round "2.5"]
[White "Nie, Xin"]
[Black "Carrasco Martinez, Juan"]
[Result "0-1"]
[BlackElo "2385"]
[WhiteElo "2210"]
[BlackTeam ""]
[LiveChessVersion "1.4.8"]

1. d4 {[%clk 1:30:56]} Nf6 {[%clk 1:30:47]} 2. c4 {[%clk 1:31:15]} c5
{[%clk 1:31:13]} 3. d5 {[%clk 1:31:23]} b5 {[%clk 1:31:59]} 4. cxb5
{[%clk 1:31:08]} a6 5. bxa6 g6 {[%clk 1:32:20]} 6. Nc3 {[%clk 1:30:57]} Bg7
{[%clk 1:30:47]} 7. Nf3 O-O 8. e4 {[%clk 1:31:23]} Qa5 {[%clk 1:30:22]} 9. Bd2
{[%clk 1:31:22]} Bxa6 {[%clk 1:26:29]} 10. Be2 Bxe2 {[%clk 1:26:47]} 11. Qxe2
{[%clk 1:31:08]} Qa6 {[%clk 1:25:33]} 12. e5 {[%clk 1:18:38]} Ne8
{[%clk 1:24:58]} 13. Nb5 {[%clk 1:17:50]} Qb7 {[%clk 1:24:04]} 14. Qc4
{[%clk 0:47:27]} d6 15. e6 {[%clk 0:47:43]} fxe6 {[%clk 1:19:09]} 16. dxe6
{[%clk 0:42:39]} d5 {[%clk 1:09:12]} 17. Qe2 {[%clk 0:36:47]} c4 {[%clk 1:08:31]}
18. Nc3 {[%clk 0:32:55]} d4 {[%clk 1:07:02]} 19. Qe4 {[%clk 0:32:26]} Nc6 20. Nd1
{[%clk 0:31:51]} Nd6 {[%clk 1:06:25]} 21. Qg4 {[%clk 0:30:03]} Ra4
{[%clk 0:40:01]} 22. O-O {[%clk 0:27:02]} Qb5 {[%clk 0:35:57]} 23. Qh3
{[%clk 0:16:39]} Qf5 {[%clk 0:30:56]} 24. Qh4 {[%clk 0:13:43]} Qd3
{[%clk 0:24:07]} 25. Bg5 {[%clk 0:10:50]} Ra5 26. Ne1 {[%clk 0:09:33]} Qe2
{[%clk 0:23:44]} 27. f3 d3 28. Bh6 {[%clk 0:05:51]} Rh5 {[%clk 0:18:58]} 29. Qxh5
{[%clk 0:01:20]} gxh5 {[%clk 0:18:58]} 30. Be3 Bd4 {[%clk 0:17:48]} 31. Bf2
{[%clk 0:01:51]} Bxf2+ {[%clk 0:16:29]} 32. Nxf2 {[%clk 0:02:19]} Qxb2
{[%clk 0:16:43]} 0-1

[Event "II Torneio Aberto Internacional de Xadrez de Ferreira do Alentejo"]
[Site "Ferreira do Alentejo - Portugal"]
[Date "2019.12.18"]
[Round "2.6"]
[White "Guerreiro, Nuno"]
[Black "Li, Zhuoling"]
[Result "0-1"]
[BlackElo "2158"]
[WhiteElo "2083"]
[WhiteTeam "ADRC Mata de Benfica"]
[LiveChessVersion "1.4.8"]

1. Nf3 {[%clk 1:16:27]} Nf6 {[%clk 1:30:54]} 2. g3 {[%clk 1:16:50]} g6
{[%clk 1:31:19]} 3. Bg2 {[%clk 1:17:17]} Bg7 {[%clk 1:31:43]} 4. O-O
{[%clk 1:17:41]} O-O {[%clk 1:32:09]} 5. c4 {[%clk 1:17:52]} c6 {[%clk 1:32:32]}
6. d4 {[%clk 1:18:14]} d5 {[%clk 1:32:57]} 7. cxd5 {[%clk 1:18:36]} cxd5
{[%clk 1:33:23]} 8. Nc3 {[%clk 1:19:01]} Nc6 {[%clk 1:33:21]} 9. Ne5
{[%clk 1:19:24]} Bf5 {[%clk 1:33:39]} 10. Nxc6 {[%clk 1:18:34]} bxc6
{[%clk 1:34:04]} 11. Na4 {[%clk 1:18:44]} Nd7 {[%clk 1:33:17]} 12. Be3
{[%clk 1:18:16]} Nb6 {[%clk 1:26:05]} 13. Nc5 {[%clk 1:05:34]} Nc4
{[%clk 1:24:01]} 14. Bc1 {[%clk 1:05:38]} e5 {[%clk 1:20:33]} 15. Qa4
{[%clk 1:02:04]} exd4 {[%clk 1:15:45]} 16. b3 {[%clk 1:00:16]} Nb6
{[%clk 1:13:56]} 17. Qa6 {[%clk 0:57:48]} d3 {[%clk 1:09:43]} 18. Ba3
{[%clk 0:58:12]} Bxa1 {[%clk 1:03:46]} 19. Rxa1 {[%clk 0:58:37]} Qf6
{[%clk 1:03:50]} 20. Rd1 {[%clk 0:58:01]} Rfe8 {[%clk 0:56:40]} 21. e3
{[%clk 0:54:49]} Bg4 {[%clk 0:46:19]} 22. Qxd3 {[%clk 0:53:03]} Bxd1
{[%clk 0:44:02]} 23. Qxd1 {[%clk 0:53:27]} a5 {[%clk 0:36:59]} 24. Qd2
{[%clk 0:53:32]} d4 {[%clk 0:22:23]} 25. exd4 {[%clk 0:41:39]} Nd5
{[%clk 0:20:01]} 26. Bh3 {[%clk 0:39:19]} Qf3 {[%clk 0:18:00]} 27. Nd3
{[%clk 0:35:48]} Re2 {[%clk 0:17:33]} 28. Qd1 {[%clk 0:36:00]} Nc3
{[%clk 0:13:11]} 0-1

[Event "II Torneio Aberto Internacional de Xadrez de Ferreira do Alentejo"]
[Site "Ferreira do Alentejo - Portugal"]
[Date "2019.12.18"]
[Round "2.7"]
[White "Santos, Isabel Pereira Dos"]
[Black "Schmitz, Andreas Arnold"]
[Result "1/2-1/2"]
[BlackElo "2013"]
[WhiteElo "1807"]
[WhiteTeam "Gx Alekhine"]
[LiveChessVersion "1.4.8"]

1. d4 {[%clk 1:23:30]} d5 {[%clk 1:30:53]} 2. c4 {[%clk 1:23:40]} dxc4
{[%clk 1:31:16]} 3. Nf3 {[%clk 1:24:06]} Nf6 {[%clk 1:31:39]} 4. e3
{[%clk 1:24:32]} Bg4 {[%clk 1:31:59]} 5. Bxc4 {[%clk 1:24:57]} e6
{[%clk 1:32:23]} 6. O-O {[%clk 1:25:08]} a6 {[%clk 1:31:54]} 7. Nc3
{[%clk 1:22:44]} c5 {[%clk 1:31:37]} 8. Be2 Nc6 {[%clk 1:31:50]} 9. h3
{[%clk 1:16:56]} cxd4 {[%clk 1:29:51]} 10. Nxd4 {[%clk 1:13:20]} Bxe2
{[%clk 1:30:08]} 11. Ncxe2 {[%clk 1:12:28]} Nxd4 {[%clk 1:29:10]} 12. Nxd4
{[%clk 1:12:19]} Bc5 {[%clk 1:28:19]} 13. Qb3 Bxd4 {[%clk 1:21:37]} 14. Rd1
{[%clk 0:59:58]} O-O {[%clk 1:03:10]} 15. Rxd4 {[%clk 0:59:25]} Qe7
{[%clk 1:01:52]} 16. Bd2 {[%clk 0:55:52]} Rfd8 {[%clk 1:00:06]} 17. Bb4
{[%clk 0:54:22]} Qc7 {[%clk 0:58:15]} 18. Rc4 {[%clk 0:53:09]} Qd7
{[%clk 0:52:36]} 19. Ba5 {[%clk 0:37:50]} Rdc8 {[%clk 0:52:46]} 20. Rd4
{[%clk 0:32:56]} Qc6 {[%clk 0:52:25]} 21. Rad1 {[%clk 0:30:48]} Ne4
{[%clk 0:49:35]} 22. Qd3 {[%clk 0:25:49]} f5 {[%clk 0:48:16]} 23. f3
{[%clk 0:19:49]} Nc5 {[%clk 0:45:42]} 24. Qc4 {[%clk 0:19:51]} b5
{[%clk 0:45:10]} 25. Qc1 {[%clk 0:14:52]} Nb7 {[%clk 0:44:50]} 26. Rd8+
{[%clk 0:11:37]} Rxd8 {[%clk 0:41:37]} 27. Qxc6 {[%clk 0:12:01]} Rxd1+
{[%clk 0:41:23]} 28. Kh2 {[%clk 0:12:19]} Rb8 {[%clk 0:39:48]} 29. Qxe6+
{[%clk 0:12:42]} Kh8 {[%clk 0:40:13]} 30. Qxa6 {[%clk 0:13:05]} Nxa5
{[%clk 0:37:58]} 31. Qxa5 {[%clk 0:13:33]} Rd3 {[%clk 0:37:45]} 32. Qa7
{[%clk 0:12:31]} Re8 {[%clk 0:37:27]} 33. e4 {[%clk 0:11:49]} fxe4
{[%clk 0:37:19]} 34. fxe4 {[%clk 0:12:16]} h6 {[%clk 0:37:18]} 35. Qc5
{[%clk 0:12:37]} Rdd8 {[%clk 0:36:38]} 36. Qxb5 {[%clk 0:12:17]} Rxe4
{[%clk 0:36:19]} 37. a4 {[%clk 0:12:21]} Rd2 {[%clk 0:34:24]} 38. Qf5
{[%clk 0:07:30]} 1/2-1/2

[Event "II Torneio Aberto Internacional de Xadrez de Ferreira do Alentejo"]
[Site "Ferreira do Alentejo - Portugal"]
[Date "2019.12.18"]
[Round "2.8"]
[White "Wesslen, Ulf"]
[Black "Avelino, Camila Biscaya"]
[Result "1-0"]
[BlackElo "1774"]
[WhiteElo "1932"]
[BlackTeam "ADRC Mata de Benfica"]
[LiveChessVersion "1.4.8"]

1. e4 {[%clk 1:30:52]} e5 {[%clk 1:30:37]} 2. Nf3 {[%clk 1:30:54]} Nc6
{[%clk 1:30:05]} 3. Bc4 {[%clk 1:31:00]} Bc5 {[%clk 1:28:13]} 4. c3
{[%clk 1:29:34]} Nf6 {[%clk 1:27:43]} 5. d3 {[%clk 1:28:26]} d6 {[%clk 1:24:18]}
6. O-O {[%clk 1:27:39]} Bg4 {[%clk 1:14:04]} 7. Be3 {[%clk 1:24:04]} Bb6
{[%clk 1:12:53]} 8. Nbd2 {[%clk 1:18:49]} O-O {[%clk 1:11:48]} 9. Re1
{[%clk 1:14:39]} d5 {[%clk 0:58:35]} 10. Bb5 {[%clk 1:09:36]} d4 {[%clk 0:47:31]}
11. Bg5 {[%clk 1:08:09]} Ne7 {[%clk 0:34:32]} 12. Qc2 {[%clk 1:02:48]} dxc3
{[%clk 0:18:53]} 13. bxc3 {[%clk 1:02:44]} Ng6 {[%clk 0:18:40]} 14. h3
{[%clk 0:49:53]} Be6 {[%clk 0:14:30]} 15. Rad1 {[%clk 0:44:57]} h6
{[%clk 0:13:55]} 16. Be3 {[%clk 0:44:00]} Nh5 {[%clk 0:13:01]} 17. d4
{[%clk 0:40:38]} Qf6 {[%clk 0:06:32]} 18. d5 {[%clk 0:36:54]} Bc8
{[%clk 0:06:53]} 19. Bf1 {[%clk 0:35:20]} Nhf4 {[%clk 0:03:59]} 20. c4
{[%clk 0:33:50]} Nh4 {[%clk 0:02:09]} 21. Nxh4 {[%clk 0:29:47]} Qxh4
{[%clk 0:02:28]} 22. Kh2 {[%clk 0:29:36]} Qf6 {[%clk 0:01:09]} 23. c5
{[%clk 0:28:53]} Ba5 {[%clk 0:01:32]} 24. Rb1 {[%clk 0:28:00]} b6
{[%clk 0:01:19]} 25. Rb3 {[%clk 0:26:30]} Rd8 {[%clk 0:00:32]} 26. Rc1
{[%clk 0:25:12]} bxc5 {[%clk 0:00:39]} 27. Bxc5 {[%clk 0:25:11]} Bb6
{[%clk 0:00:40]} 28. Rf3 {[%clk 0:24:40]} Qg5 {[%clk 0:00:35]} 29. Qb2
{[%clk 0:21:39]} Ba6 {[%clk 0:00:36]} 30. Rg3 {[%clk 0:21:54]} Qf6
{[%clk 0:01:03]} 31. Bxa6 {[%clk 0:22:06]} Bxc5 {[%clk 0:01:17]} 32. Rxc5
{[%clk 0:21:19]} Qxa6 {[%clk 0:01:03]} 33. Rc6 {[%clk 0:20:29]} Qe2
{[%clk 0:00:37]} 34. Qxe5 {[%clk 0:18:28]} Ng6 {[%clk 0:00:54]} 35. Rgxg6
{[%clk 0:18:44]} 1-0

[Event "II Torneio Aberto Internacional de Xadrez de Ferreira do Alentejo"]
[Site "Ferreira do Alentejo - Portugal"]
[Date "2019.12.18"]
[Round "2.9"]
[White "Dong, Rafael"]
[Black "Schmitz, Manuela"]
[Result "1/2-1/2"]
[BlackElo "1914"]
[WhiteElo "1571"]
[WhiteTeam "CX Sintra"]
[LiveChessVersion "1.4.8"]

1. c4 {[%clk 1:30:59]} e6 {[%clk 1:30:52]} 2. Nc3 {[%clk 1:31:22]} d5
{[%clk 1:30:51]} 3. cxd5 {[%clk 1:31:43]} exd5 {[%clk 1:31:13]} 4. d4
{[%clk 1:32:05]} Nf6 {[%clk 1:31:21]} 5. Bg5 {[%clk 1:32:28]} Be7
{[%clk 1:31:32]} 6. e3 {[%clk 1:32:42]} c6 {[%clk 1:30:42]} 7. Bd3
{[%clk 1:32:18]} Nbd7 {[%clk 1:29:35]} 8. Nge2 {[%clk 1:31:40]} Nf8
{[%clk 1:24:36]} 9. O-O {[%clk 1:31:30]} Ne6 {[%clk 1:23:28]} 10. Bh4
{[%clk 1:31:27]} Ng4 {[%clk 1:18:34]} 11. Bxe7 {[%clk 1:31:21]} Qxe7
{[%clk 1:18:55]} 12. h3 {[%clk 1:30:50]} Nf6 {[%clk 1:18:53]} 13. Qc2
{[%clk 1:25:24]} O-O {[%clk 1:13:53]} 14. Ng3 {[%clk 1:23:06]} g6
{[%clk 1:11:04]} 15. Rab1 {[%clk 1:16:21]} Bd7 {[%clk 1:06:10]} 16. b4
{[%clk 1:16:29]} Rac8 {[%clk 1:04:55]} 17. Qb3 {[%clk 1:16:17]} Qd6
{[%clk 1:04:00]} 18. a4 {[%clk 1:03:21]} Rfe8 {[%clk 0:58:07]} 19. a5
{[%clk 1:03:28]} 1/2-1/2